000 00584nam a2200205Ia 4500
003 OSt
005 20230427092856.0
008 210423s2011 xx 000 0 und d
020 _a9788130918884
040 _cAL
041 _aeng
082 _a820.9 BLOM
_223
100 _aBLOOM (Harold),Ed.
_993678
245 _aModern critical interpretations Toni Morrison''s beloved.
260 _aNew Delhi
_bViva Books Pvt Ltd
_c2011
300 _avii,223
_bPB
365 _b195
_cINR
906 _abeloved. ; critical ; interpretations ; Modern ; Morrison''s ; Toni
942 _2ddc
_cBK
999 _c161738
_d161738